Statistics for Fast typing - Continents

Click here to take the quiz!

General Stats

  • This quiz has been taken 33 times
  • The average score is 6 of 7

Answer Stats

Answer% Correct
Europe
96%
Africa
91%
Asia
91%
Australia
87%
North America
87%
South America
87%
Antarctica
65%

Score Distribution

Percentile by Number Answered

Percent of People with Each Score

Your Score History

You have not taken this quiz